The living history of Embu and Mbeere to 1906 /

Uloženo v:
Podrobná bibliografie
Hlavní autor: Mwaniki, Henry Stanley Kabeca
Médium: Kniha
Jazyk:English
Vydáno: Nairobi : East African Literature Bureau, 1973.
Témata:
LEADER 00786nam a2200205 i 4500
001 c000252051
003 CARM
005 00000000000000.0
008 840411s1973 ke 0 eng d
019 1 |a 1696438  |5 LACONCORD2021 
035 |a (OCoLC)1686769  |5 LACONCORD2021 
082 0 4 |a 301.2967624 
100 1 |a Mwaniki, Henry Stanley Kabeca. 
245 1 4 |a The living history of Embu and Mbeere to 1906 /  |c H.S. Kabeca Mwaniki. 
260 |a Nairobi :  |b East African Literature Bureau,  |c 1973. 
300 |a 177 p. :  |b ill. 
650 0 |a Embu (African people) 
852 8 |b CARM  |h A2:AH04H0  |i A04070  |p 0330994  |f BK 
999 f f |i 46175830-564a-5846-832d-57d523e0e464  |s ea6988dd-6760-58be-9147-faa960070a36 
952 f f |p Can circulate  |a CAVAL  |b CAVAL  |c CAVAL  |d CARM 1 Store  |e A04070  |f A2:AH04H0  |h Other scheme  |i book  |m 0330994